00226nam a22000977a 4500003000400000082001500004100002000019245005000039260003100089300000800120SGT a370.15,YAD aYADAV PRIYANKA  aCHILD DEVALOPMENT AND EDUCATIONAL PSYCHOLOGY  aNE DELHIbOMEGA PUB.c2026 a159